| 000 | 00645nam a22002057a 4500 | ||
|---|---|---|---|
| 999 |
_c11976 _d11976 |
||
| 003 | AR-CdUCM | ||
| 008 | 190401b ||||| |||| 00| 0 spa d | ||
| 020 | _a968-439-213-3 | ||
| 040 |
_aMUNICIPALIDAD PROVINCIAL DEL CUSCO _cBIBLIOTECA MUNICIPAL DEL CUSCO |
||
| 082 |
_aES / 373.513 / _bB17 |
||
| 100 |
_aBaldor, Aurelio _926843 |
||
| 245 |
_aAritmética : _bTeórico práctica / |
||
| 260 |
_aMéxico : _bPublicaciones Cultural ; _c1998. |
||
| 300 |
_a639 páginas ; _bimágenes. _c23cm. |
||
| 505 | _aContenido: Aritmética | ||
| 650 |
_aMatemática _919387 |
||
| 650 |
_aEducación _9460 |
||
| 942 |
_2ddc _cLIBROS |
||
| 945 |
_anom _d2019-04-05 |
||